000 00385nam a2200145Ia 4500
008 230917s9999||||xx |||||||||||||| ||und||
040 _e48120
_aMAIN
041 _aEnglish
082 _a822.33 S15K:S
100 _aKnight, G Wilson
245 0 _aShakespeare production with especial reference to the tragedies
260 _aLondon
_bRoutledge
_c1968
300 _a323 p.
942 _cBK
999 _c63309
_d63309